<?xml version="1.0" encoding="UTF-8"?>
<collection xmlns="http://www.loc.gov/MARC21/slim">
 <record>
  <leader>05670nam a2200397 a 4500</leader>
  <controlfield tag="001">kal292</controlfield>
  <controlfield tag="003">Gr-AtHEAL</controlfield>
  <controlfield tag="005">20160425095227.0</controlfield>
  <controlfield tag="006">m        d        </controlfield>
  <controlfield tag="008">160413s2015    gr      s           gre|c</controlfield>
  <datafield tag="020" ind1=" " ind2=" ">
   <subfield code="a">9789606030963</subfield>
  </datafield>
  <datafield tag="040" ind1=" " ind2=" ">
   <subfield code="a">GR-AtHEAL</subfield>
   <subfield code="b">gre</subfield>
   <subfield code="c">GR-AtHEAL</subfield>
  </datafield>
  <datafield tag="082" ind1="0" ind2="4">
   <subfield code="a">339</subfield>
   <subfield code="2">23</subfield>
  </datafield>
  <datafield tag="100" ind1="1" ind2=" ">
   <subfield code="a">Κουτεντάκης, Φραγκίσκος.</subfield>
   <subfield code="8">1198</subfield>
  </datafield>
  <datafield tag="245" ind1="1" ind2="0">
   <subfield code="a">Διεθνής μακροοικονομική</subfield>
   <subfield code="h">[Ηλεκτρονικός πόρος] </subfield>
   <subfield code="b">Μακροοικονομική ανοικτής οικονομίας</subfield>
   <subfield code="c">Κουτεντάκης, Φραγκίσκος ; Κουκουριτάκης, Μίνως ; Κριτικός αναγνώστης,Παπαδόπουλος, Αθανάσιος.</subfield>
  </datafield>
  <datafield tag="260" ind1=" " ind2=" ">
   <subfield code="a">Αθήνα :</subfield>
   <subfield code="b">Σύνδεσμος Ελληνικών Ακαδημαϊκών Βιβλιοθηκών,</subfield>
   <subfield code="c">c2015.</subfield>
  </datafield>
  <datafield tag="490" ind1=" " ind2=" ">
   <subfield code="a">Ακαδημαϊκά Ηλεκτρονικά Συγγράμματα και Βοηθήματα Κάλλιπος</subfield>
   <subfield code="8">40</subfield>
  </datafield>
  <datafield tag="520" ind1=" " ind2=" ">
   <subfield code="a">Το βιβλίο παρουσιάζει τα βασικά υποδείγματα της μακροοικονομικής της ανοικτής οικονομίας. Απευθύνεται σε προπτυχιακούς φοιτητές οικονομικών που έχουν ήδη διδαχθεί τις βασικές μακροοικονομικές ταυτότητες και συνθήκες ισορροπίας των αγορών αγαθών και χρήματος στην κλειστή οικονομία (IS-LM). Η έννοια της ανοικτής οικονομίας εισάγεται με την ένταξη στο εισοδηματικό κύκλωμα των εισαγωγών/εξαγωγών αγαθών και υπηρεσιών καθώς και των εισροών/εκροών κεφαλαίου. Στη συνέχεια αναλύονται οι θεμελιώδεις έννοιες της συναλλαγματικής ισοτιμίας και του ισοζυγίου πληρωμών και οι μηχανισμοί εξισορρόπησής τους. Περιγράφεται η προσαρμογή του εισοδήματος και της δαπάνης με ιδιαίτερη έμφαση στον υπολογισμό των πολλαπλασιαστών και αναλύεται η συνθήκη Marshal-Lerner που καθορίζει η επίπτωση μιας μεταβολής της συναλλαγματικής ισοτιμίας στο ισοζύγιο πληρωμών. Στη συνέχεια εξετάζεται η εξισορρόπηση του ισοζυγίου μέσω μεταβολών της προσφοράς χρήματος και περιγράφεται το νομισματικό υπόδειγμα. Στο επόμενο μέρος του βιβλίου εξετάζεται η λειτουργία της οικονομικής πολιτικής σε καθεστώς σταθερών και κυμαινόμενων συναλλαγματικών ισοτιμιών με τέλεια και ατελή κινητικότητα κεφαλαίου. Περιγράφεται επίσης η συναθροιστική ζήτηση στην ανοικτή οικονομία και εξετάζονται τα βασικά υποδείγματα της συναθροιστικής προσφοράς. Το βιβλίο ολοκληρώνεται με μια ιστορική αναδρομή στο διεθνές νομισματικό σύστημα.</subfield>
  </datafield>
  <datafield tag="650" ind1=" " ind2="0">
   <subfield code="a">Macroeconomics</subfield>
   <subfield code="8">1919</subfield>
  </datafield>
  <datafield tag="650" ind1=" " ind2="0">
   <subfield code="a">International finance</subfield>
   <subfield code="8">2385</subfield>
  </datafield>
  <datafield tag="653" ind1=" " ind2=" ">
   <subfield code="a">Ισοζύγιο πληρωμών</subfield>
  </datafield>
  <datafield tag="653" ind1=" " ind2=" ">
   <subfield code="a">Συναλλαγματικές ισοτιμίες</subfield>
  </datafield>
  <datafield tag="653" ind1=" " ind2=" ">
   <subfield code="a">Ανοικτή οικονομία</subfield>
  </datafield>
  <datafield tag="653" ind1=" " ind2=" ">
   <subfield code="a">Μακροοικονομική</subfield>
  </datafield>
  <datafield tag="653" ind1=" " ind2=" ">
   <subfield code="a">Οικονομικές επιστήμες</subfield>
   <subfield code="a">Διεθνής οικονομική</subfield>
   <subfield code="a">Διεθνής χρηματοοικονομική</subfield>
  </datafield>
  <datafield tag="653" ind1=" " ind2=" ">
   <subfield code="a">Οικονομικές επιστήμες</subfield>
   <subfield code="a">Μακροοικονομική και νομισματική οικονομική</subfield>
   <subfield code="a">Μακροοικονομική πολιτική, μακροοικονομικές πτυχές δημόσιας οικονομίας και γενική προοπτική</subfield>
  </datafield>
  <datafield tag="653" ind1=" " ind2=" ">
   <subfield code="a">Οικονομικές επιστήμες</subfield>
   <subfield code="a">Μακροοικονομική και νομισματική οικονομική</subfield>
   <subfield code="a">Νομισματική πολιτική, Κεντρική Τράπεζα και διάθεση χρήματος και πίστωσης</subfield>
  </datafield>
  <datafield tag="653" ind1=" " ind2=" ">
   <subfield code="a">Οικονομικές επιστήμες</subfield>
   <subfield code="a">Μακροοικονομική και νομισματική οικονομική</subfield>
   <subfield code="a">Μακροοικονομία: κατανάλωση, αποταμίευση, παραγωγή, απασχόληση και επένδυση</subfield>
  </datafield>
  <datafield tag="653" ind1=" " ind2=" ">
   <subfield code="a">Οικονομικές επιστήμες</subfield>
   <subfield code="a">Μακροοικονομική και νομισματική οικονομική</subfield>
   <subfield code="a">Γενικά συγκεντρωτικά μοντέλα</subfield>
  </datafield>
  <datafield tag="700" ind1="1" ind2=" ">
   <subfield code="a">Κουκουριτάκης, Μίνως</subfield>
   <subfield code="e">Συγγραφέας</subfield>
   <subfield code="8">1199</subfield>
  </datafield>
  <datafield tag="700" ind1="1" ind2=" ">
   <subfield code="a">Παπαδόπουλος, Αθανάσιος</subfield>
   <subfield code="e">Κριτικός αναγνώστης</subfield>
   <subfield code="8">1200</subfield>
  </datafield>
  <datafield tag="856" ind1="4" ind2="0">
   <subfield code="u">http://hdl.handle.net/11419/292</subfield>
   <subfield code="z">Πλήρες Κείμενο - Full text</subfield>
  </datafield>
  <datafield tag="907" ind1=" " ind2=" ">
   <subfield code="a">.b25680705</subfield>
   <subfield code="b">12-06-18</subfield>
   <subfield code="c">29-07-16</subfield>
  </datafield>
  <datafield tag="949" ind1=" " ind2=" ">
   <subfield code="0">0</subfield>
   <subfield code="1">0</subfield>
   <subfield code="2">ddc</subfield>
   <subfield code="4">0</subfield>
   <subfield code="6">339_000000000000000_ΚΟΥ</subfield>
   <subfield code="7">0</subfield>
   <subfield code="8">KALL</subfield>
   <subfield code="8">829</subfield>
   <subfield code="d">2016-04-13</subfield>
   <subfield code="r">2016-04-13</subfield>
   <subfield code="w">2016-04-13</subfield>
   <subfield code="z">339 ΚΟΥ</subfield>
   <subfield code="o">SEAB KALLIPOS</subfield>
  </datafield>
  <datafield tag="998" ind1=" " ind2=" ">
   <subfield code="a">80</subfield>
   <subfield code="a">01</subfield>
   <subfield code="a">02</subfield>
   <subfield code="a">03</subfield>
   <subfield code="a">04</subfield>
   <subfield code="a">05</subfield>
   <subfield code="a">06</subfield>
   <subfield code="a">07</subfield>
   <subfield code="a">08</subfield>
   <subfield code="a">09</subfield>
   <subfield code="a">10</subfield>
   <subfield code="a">11</subfield>
   <subfield code="a">12</subfield>
   <subfield code="a">13</subfield>
   <subfield code="a">14</subfield>
   <subfield code="a">15</subfield>
   <subfield code="a">16</subfield>
   <subfield code="a">17</subfield>
   <subfield code="a">18</subfield>
   <subfield code="a">19</subfield>
   <subfield code="a">20</subfield>
   <subfield code="a">21</subfield>
   <subfield code="a">22</subfield>
   <subfield code="a">23</subfield>
   <subfield code="a">24</subfield>
   <subfield code="a">25</subfield>
   <subfield code="a">26</subfield>
   <subfield code="b">16-05-17</subfield>
   <subfield code="c">m</subfield>
   <subfield code="d">z  </subfield>
   <subfield code="e">-</subfield>
   <subfield code="f">gre</subfield>
   <subfield code="g">gr </subfield>
   <subfield code="h">0</subfield>
  </datafield>
  <datafield tag="942" ind1=" " ind2=" ">
   <subfield code="2">ddc</subfield>
   <subfield code="c">KALLIPOS</subfield>
  </datafield>
 </record>
</collection>
